| 000 | 00406cam a2200157ua 4500 | ||
|---|---|---|---|
| 041 |
_aeng _h |
||
| 082 |
_a823.301 _bALL/RO |
||
| 100 | _aAllan, M E . | ||
| 245 |
_aRoom for the cuckoo: The story of a farming year / _cM E Allan. _hTextual Documents |
||
| 250 |
_a1 / _b. |
||
| 260 |
_aLondon : _bJ M Dent and Sons Ltd , _c1904. |
||
| 300 | _a181 ; . | ||
| 504 | _a | ||
| 942 | _cBK | ||
| 999 |
_c6912 _d6912 |
||